Statystyki dla 15 krajów o największej liczbie zgonów Covid19 - 22 maja 2021

Kliknij tutaj aby rozwiązać quiz!

Ogólne statystyki

  • Ten quiz został rozwiązany 16 razy
  • Średni wynik to 12 z 24

Statystyki odpowiedzi

ogółem
przypadków
kraj% Poprawnych
87 960Niemcy
100%
72 882Polska
100%
603 876Stany Zjednoczone
100%
118 125Rosja
93%
448 291Brazylia
87%
299 256Indie
87%
108 526Francja
80%
125 153Włochy
80%
79 620Hiszpania
73%
221 256Meksyk
67%
127 716Wielka Brytania
67%
73 688Argentyna
53%
78 381Iran
47%
84 228Kolumbia
47%
Belgia
27%
Czechy
27%
67 807Peru
27%
Węgry
27%
Słowacja
20%
Chorwacja
13%
Bośnia i Hercegowina
7%
Bułgaria
7%
Macedonia Północna
7%
Słowenia
7%

Rozkład punktacji

Percentyl według liczby udzielonych odpowiedzi

Procent ludzi z każdym wynikiem

Twoja historia wyników

Nie rozwiązałeś tego quizu